000 01298nam a22002177a 4500
999 _c62787
_d62787
003 Ge_BSU
005 20250214171841.0
008 250214s2025 ge ||||| |||| 00| 0 geo d
020 _a9789941509551
041 _ageo
080 _a355.48(47+57)(=353) რ-29
245 _a"რაც დავიწყებით არ იბინდება" :
_b(1992-93 წლებისა და 2008 წლის რუსეთ-საქართველოს ომების ვეტერანთა ნაამბობიდან) /
_cშემდგ.: მ. აბულაძე, ა. აგიბა, ლ. ბაჯელიძე და სხვ.; ყდის დიზაინი გ. გოგოხია.
264 _a[თბილისი]
_bსაარი,
_c2025.
300 _a56 გვ. :
_bილ.;
_c20 სმ.
653 _aრუსეთ- საქართველოს ომი
700 _aაბულაძე, მ.
_eშემდგენელი
_924366
700 _aაგიბა, ა.
_eშემდგენელი
_924367
700 _aბაჯელიძე ლ. და სხვ.
_eშემდგენელი
_924368
700 _aგოგოხია, გ.
_eყდის დიზაინი
_924369
942 _2udc
_cᲬᲘᲒᲜᲘ